<?xml version="1.0" encoding="UTF-8"?>
<collection xmlns="http://www.loc.gov/MARC21/slim">
<record>
  <controlfield tag="001">3305</controlfield>
  <controlfield tag="005">20180118170654.0</controlfield>
  <datafield tag="037" ind1=" " ind2=" ">
    <subfield code="a">POSTER-2017-0042</subfield>
  </datafield>
  <datafield tag="100" ind1=" " ind2=" ">
    <subfield code="a">Martínez Picar, Antonio</subfield>
  </datafield>
  <datafield tag="245" ind1=" " ind2=" ">
    <subfield code="a">Building SPADE - Status Update</subfield>
  </datafield>
  <datafield tag="260" ind1=" " ind2=" ">
    <subfield code="c">2017</subfield>
  </datafield>
  <datafield tag="269" ind1=" " ind2=" ">
    <subfield code="c">2017-11-06</subfield>
  </datafield>
  <datafield tag="520" ind1=" " ind2=" ">
    <subfield code="a">A prototype of a phased array of 8 elements is being built at the Humain Radio Astronomy Station by the Solar Influences Data Analysis Center (Royal Observatory of Belgium). The main goal of this instrument is monitoring the solar activity in the band of 20–80 MHz using Software Defined Radio receivers and employing digital beam–forming techniques in order to track the Sun and reject possible radio frequency interference sources. We will present the current status of the construction of SPADE (Small Phased Array Demonstrator), whose first light is expected before the end of 2017.</subfield>
  </datafield>
  <datafield tag="536" ind1=" " ind2=" ">
    <subfield code="a">2BRAIN_SPADE/</subfield>
    <subfield code="c">2BRAIN_SPADE/</subfield>
    <subfield code="f">2BRAIN_SPADE</subfield>
  </datafield>
  <datafield tag="594" ind1=" " ind2=" ">
    <subfield code="a">NO</subfield>
  </datafield>
  <datafield tag="653" ind1="1" ind2=" ">
    <subfield code="a">solar radio observations</subfield>
  </datafield>
  <datafield tag="653" ind1="1" ind2=" ">
    <subfield code="a">instrument building</subfield>
  </datafield>
  <datafield tag="653" ind1="1" ind2=" ">
    <subfield code="a">phased array</subfield>
  </datafield>
  <datafield tag="700" ind1=" " ind2=" ">
    <subfield code="a">Marqué, Christophe</subfield>
  </datafield>
  <datafield tag="700" ind1=" " ind2=" ">
    <subfield code="a">Magdalenić, Jasmina</subfield>
  </datafield>
  <datafield tag="773" ind1=" " ind2=" ">
    <subfield code="t">International Workshop on Solar, Heliospheric  and Magnetospheric Radioastronomy - Meudon, France</subfield>
  </datafield>
  <datafield tag="856" ind1="0" ind2=" ">
    <subfield code="f">antonio.martinez@observatoire.be</subfield>
  </datafield>
  <datafield tag="856" ind1="4" ind2="2">
    <subfield code="a">https://jlsworkshop.sciencesconf.org/</subfield>
  </datafield>
  <datafield tag="856" ind1="4" ind2=" ">
    <subfield code="s">13560766</subfield>
    <subfield code="u">http://publi2-as.oma.be/record/3305/files/20171107_Meudon_amp_poster.pdf</subfield>
    <subfield code="y">Poster of SPADE for J-L Steimberg Conference at Meudon, Paris</subfield>
  </datafield>
  <datafield tag="856" ind1="4" ind2=" ">
    <subfield code="s">24879</subfield>
    <subfield code="u">http://publi2-as.oma.be/record/3305/files/20171107_Meudon_amp_poster.gif?subformat=icon</subfield>
    <subfield code="x">icon</subfield>
    <subfield code="y">Poster of SPADE for J-L Steimberg Conference at Meudon, Paris</subfield>
  </datafield>
  <datafield tag="856" ind1="4" ind2=" ">
    <subfield code="s">24958</subfield>
    <subfield code="u">http://publi2-as.oma.be/record/3305/files/20171107_Meudon_amp_poster.jpg?subformat=icon-180</subfield>
    <subfield code="x">icon-180</subfield>
    <subfield code="y">Poster of SPADE for J-L Steimberg Conference at Meudon, Paris</subfield>
  </datafield>
  <datafield tag="980" ind1=" " ind2=" ">
    <subfield code="a">CPOSTER</subfield>
  </datafield>
</record>
</collection>